000 00540nam a22002177a 4500
003 UA-OsUOA
001 118502
007 ta
008 20160831b un ||||| |||| 00| 0 ukr d
100 _aПлахта Д.
090 _a82
_bП37
942 _cSA
040 _aUA-OsUOA
_bukr
_cUA-OsUOA
_dUA-OsUOA
245 _aФранко: перезавантаження
300 _aС.20-21
955 _a0
041 _aukr
080 _a82
773 0 _w118501
650 7 _a82 Література. Літературознавство
_2UDC
999 _c404580
_d404580